Leading Football (Soccer) Clubs by World Region and Country - Statistics

General Stats
  • This quiz has been taken 672 times
    439 since last reset
  • The average score is 17 of 34
Answer Stats
region rank team % Correct
Europe (UEFA) 1 Real Madrid
99%
Germany 3 Bayern Munich
91%
Italy 4 AC Milan
87%
Netherlands 9 Ajax Amsterdam
86%
Portugal 14 Benfica
84%
England 6 Liverpool
84%
Scotland 16 Celtic
79%
South America (CSF) 7 Boca Juniors
75%
Belgium 28 RSC Anderlecht
67%
Ukraine 30 Dynamo Kiev
64%
Greece 47 Olympiakos
64%
Turkey 68 Galatasaray
63%
France 55 Marseille
62%
Serbia 36 Red Star Belgrade
60%
Croatia 75 Dinamo Zagreb
54%
Czech Republic 42 AC Sparta Praha
48%
Austria 50 Rapid Vienna
47%
Romania 46 Steaua Bucuresti
47%
Russia 54 Spartak Moscow
45%
North & Central America (CONCACAF) 94 América
43%
Mexico 94 América
43%
Chile 49 Colo Colo
37%
Hungary 40 Ferencváros
37%
Brazil 15 São Paulo
37%
Uruguay 10 Peñarol
35%
Africa (CAF) 66 Al-Ahly
34%
Bulgaria 70 CSKA Sofia
31%
Slovakia 85 SK Slovan Bratislava
25%
Asia (AFC) 170 {Al-Hilal} (KSA)
21%
Paraguay 22 Olimpia
16%
Colombia 48 Atlético Nacional
15%
Oceania (OFC) 978 {Auckland} {City} (NZL)
13%
Sweden 81 IFK Göteborg
12%
Ecuador 86 LDU Quito
9%
No matching quizzes found
Score Distribution
Percent of People with Each Score
Percentile by Number Answered
Your Score History
You have not taken this quiz since the last reset